000 00694nam a22002055i 4500
001 176644
003 ES-MaACL
005 20250702170604.0
008 110127s1888 sp |||| | spa d
080 _a929 Castro, Fernando de
100 1 _aLabra, Rafael M. de,
_d1840-1918
_969273
245 1 0 _aD. Fernando de Castro
_b: estudio biográfico /
_cpor Rafael M. de Labra.
260 _aMadrid :
_bEstablecimiento tipográfico de El Correo,
_c1888.
300 _a84 p. ;
_c24 cm.
490 1 _aPropagandistas y educadores
600 1 4 _aCastro, Fernando de,
_d1814-1874
_9150497
830 0 _aPropagandistas y educadores
_9224048
852 _aES-MaACL
_j2274-F-11
999 _c176644
_d176644